00788nam a22002057a 4500999001900000005001700019010001500036020002600051035001400077037001300091082000800104100001700112245014400129260004100273270007500314300003200389700002000421942002200441952011900463 c170270d17027020191212155813.0 aENG-127104 c495.00a9789353167462 aEN-110636 bDBAD/PUB a338 aTulsian, P C aTulsian's business economics and business & commercial knowledge for paper 4 :bCA foundation course /cby P C Tulsian [and] Bharat Tulsian aChennaibMcGraw Hill Educationc2020 a444/1, Sri Ekambara Naicker Industrial EstatebPorur , Chennaie600116 avarious paging .c22cm(pbk) aTulsian, Bharat 2ddccENh338mTUL 001040708NFICaDBADbMd2019-12-12eDBAD/PUBg495.00l0o338 TULpEN-110636r2019-12-12 00:00:00t1v495.00yEN